| 000 | 00653nam a22001217a 4500 | ||
|---|---|---|---|
| 040 | _cRUA | ||
| 082 | _aATM OEM 2011 B199 Or.1 | ||
| 245 | _aThe study on farmers water uses of thomneidam community in samrong district, takeo province, សិក្សាលើការប្រើប្រាស់ទឹករបស់ប្រជាកសិករនៃសហគមន៍ទំនប់ធម្មន័យ ស្រុកសំរោង ខេត្តតាកែវ | ||
| 260 |
_aPhnom Penh _bRUA _c2011 |
||
| 300 |
_axi, 56p. _bill. _c29cm. |
||
| 856 | _uhttps://drive.google.com/file/d/1V9eeoTpSOz113gFN0AjlckkMUdol9X9D/view?usp=sharing | ||
| 942 | _cATM | ||
| 999 |
_c4312 _d4312 |
||